| 000 | 00697nam a2200205Ia 4500 | ||
|---|---|---|---|
| 003 | OSt | ||
| 005 | 20240730162546.0 | ||
| 008 | 210210b1996 xxu||||| |||| 00| 0 eng d | ||
| 040 | _cAL | ||
| 041 | _aKannada | ||
| 082 | _aK894.4 ANAB | ||
| 100 |
_aANANTAMURTI (U R). _dಅನಂತಮೂರ್ತಿ (ಯು ಅರ್) _9174580 |
||
| 245 |
_aBettale puje yake kudadu? _bಬೆತ್ತಲೆ ಪೂಜೆ ಯಾಕೆ ಕೂಡದು? |
||
| 260 |
_aSagara _bAkshara Prakashana _c1996 |
||
| 300 | _avi,244 | ||
| 650 |
_aAyodhye Vikendrikarana Kuvempu Subbanna Ashishnandi Nagaraj Di Ar Adiga Samuha Madhyama _9174581 |
||
| 690 |
_aKannada Prose _9174582 |
||
| 906 | _a051807 | ||
| 942 |
_2ddc _cBK |
||
| 999 |
_c100271 _d100271 |
||